Oliver and Chapman's data processing and information technology (Record no. 1600)
[ view plain ]
| 000 -LEADER | |
|---|---|
| fixed length control field | 00501nam a2200157 4500 |
| 008 - FIXED-LENGTH DATA ELEMENTS--GENERAL INFORMATION | |
| fixed length control field | 150602b xxu||||| |||| 00| 0 eng d |
| 020 ## - INTERNATIONAL STANDARD BOOK NUMBER | |
| International Standard Book Number | 1844801004 |
| 050 ## - LIBRARY OF CONGRESS CALL NUMBER | |
| Classification number | QA 76.5 .F74 1996 |
| 100 ## - MAIN ENTRY--PERSONAL NAME | |
| Personal name | French, C S |
| 245 ## - TITLE STATEMENT | |
| Title | Oliver and Chapman's data processing and information technology |
| 250 ## - EDITION STATEMENT | |
| Edition statement | 10th ed. |
| 260 ## - PUBLICATION, DISTRIBUTION, ETC. (IMPRINT) | |
| Place of publication, distribution, etc. | London: |
| Name of publisher, distributor, etc. | Thomso Learning, |
| Date of publication, distribution, etc. | 1996 |
| 300 ## - PHYSICAL DESCRIPTION | |
| Extent | vii, 501p. : |
| Other physical details | ill ,; |
| Dimensions | 20cm. |
| 500 ## - GENERAL NOTE | |
| General note | include index. |
| 650 ## - SUBJECT ADDED ENTRY--TOPICAL TERM | |
| Topical term or geographic name as entry element | Data processing |
| 942 ## - ADDED ENTRY ELEMENTS (KOHA) | |
| Source of classification or shelving scheme | |
| Koha item type | Hard Covered Materials |
| Classification part | QA 76.5 .F74 1996 |
| Withdrawn status | Lost status | Source of classification or shelving scheme | Damaged status | Not for loan | Home library | Current library | Shelving location | Date acquired | Total Checkouts | Full call number | Barcode | Date last seen | Price effective from | Koha item type | Date last checked out |
|---|---|---|---|---|---|---|---|---|---|---|---|---|---|---|---|
| MACHAKOS UNIVERSITY LIBRARY | MACHAKOS UNIVERSITY LIBRARY | Open shelf | 02/06/2015 | QA 76.5 .F74 1996 | 3896 | 06/06/2019 | 02/06/2015 | Hard Covered Materials | |||||||
| MACHAKOS UNIVERSITY LIBRARY | MACHAKOS UNIVERSITY LIBRARY | Open shelf | 02/06/2015 | 2 | QA 76.5 .F74 1996 | 3902 | 09/11/2023 | 02/06/2015 | Hard Covered Materials | 26/10/2023 | |||||
| MACHAKOS UNIVERSITY LIBRARY | MACHAKOS UNIVERSITY LIBRARY | Open shelf | 02/06/2015 | 2 | QA 76.5 .F74 1996 | 3979 | 06/06/2019 | 02/06/2015 | Hard Covered Materials | 12/11/2015 |